[Event "4NCL 2017-18"]
[Site "Northampton"]
[Date "2018.02.11"]
[Round "6"]
[White "Roberson, Peter T"]
[Black "Plat, Vojtech"]
[Result "0-1"]
[WhiteElo "2412"]
[BlackElo "2560"]
[Annotator "TA"]
[PlyCount "124"]
[EventDate "2018.??.??"]
[EventCountry "GBR"]
[SourceTitle "playchess.com"]
[Source "ChessBase"]
[SourceQuality "1"]

{[%evp 23,124,51,59,59,63,64,78,77,90,47,67,63,80,58,62,20,12,16,10,15,14,7,4,10,4,0,4,0,-4,0,0,-9,-6,-11,-6,-8,-2,-9,0,0,13,-10,-6,-10,-8,-11,-8,-14,-10,-17,66,0,0,0,0,0,0,0,0,0,0,-12,0,0,0,-25,-12,-23,-23,-89,-84,-91,-91,-165,-162,-151,-148,-311,-291,-285,-262,-495,-492,-1309,-1162,-1525,-1500,-1610,-1605,-1466,-1338,-1451,-1310,-7203,-9763,-29985,-29986,-29986,-29987,-29986,-29987,-29987,-29988]} 1. e4 d6 2. d4 Nf6 3. Nc3 e5 4. Nf3 Nbd7 5. Bc4 Be7 6. O-O O-O 7. a4 a5 8. Re1 c6 9. h3 Nb6 {C41: Philidor Defence} (9... Re8 10. Ba2 Bf8 11. Be3 Qc7 12. Ng5 Re7 13. f4 b6 14. fxe5 dxe5 15. d5 cxd5 16. exd5 {1-0 (16) Wang,H (2709)-Ivanchuk,V (2726) Huaian 2017}) 10. Bf1 Nfd7 11. b3 exd4 12. Nxd4 Nc5 {LiveBook: 6 Games} 13. Ba3 Re8 14. Qf3 Bf6 $146 ({Predecessor:} 14... Bf8 15. Rad1 Qg5 16. Bc1 Qg6 17. Bf4 {½-½ (53) Zufic,M (2375)-Biti,O (2352) Rabac 2004}) 15. Rad1 Qe7 16. Qg3 Bd7 17. Re3 Qe5 18. Qxe5 Bxe5 19. Nf3 (19. Nde2 {feels hotter.} g6 20. f4 Bg7 21. e5 Bf5 22. Nd4) 19... Bxc3 $1 20. Bxc5 $1 dxc5 21. Rxc3 Rxe4 22. Rxc5 Re7 23. Re5 Kf8 24. Bd3 h6 25. Kf1 Rxe5 26. Nxe5 Be6 27. Nf3 Rd8 28. Ke1 Bd5 29. Be2 {c4 is the strong threat.} Ke7 30. Nd4 Be4 31. Bf3 Bg6 32. Rd2 Kf6 33. Ne2 Rxd2 34. Kxd2 $11 {[%mdl 4096] Endgame KBN-KBN} Ke5 35. c3 f6 36. Nd4 c5 (36... Bf7 $11) 37. Ne2 ({Better is} 37. Nb5 $1 $14) 37... c4 38. b4 Be4 $1 {[%cal Re4f3]} 39. Bxe4 Kxe4 40. bxa5 Nxa4 {KN-KN} 41. f3+ Ke5 42. Nd4 Nc5 43. Ke3 g6 44. Nb5 Ne6 45. g3 Kd5 46. Na7 (46. Na3 $11 {remains equal.}) 46... Kc5 $17 47. Nc8 Nc7 $1 48. h4 (48. g4 $17) 48... Nd5+ $19 49. Kd2 f5 $1 {[%cal Bf6f5,Bf5g4][%mdl 32]} 50. g4 $2 {[#]} (50. f4 $17) 50... fxg4 $1 51. fxg4 {[#]} g5 $1 {[%cal Rg5h4]} 52. hxg5 $2 (52. h5) 52... hxg5 53. Kc2 (53. Kc1 $142 Nxc3 54. Ne7) 53... Ne3+ 54. Kd2 Nxg4 55. Ne7 Nf6 56. Nf5 Ne4+ 57. Ke3 Nxc3 58. Ng7 Kd5 59. Ne8 Ke5 {Black mates.} 60. Ng7 Nd5+ 61. Kd2 Nf6 62. Kc3 g4 {Precision: White = 35%, Black = 71%.} 0-1

[Event "4NCL 2017-18"]
[Site "Northampton"]
[Date "2018.02.11"]
[Round "6"]
[White "Ashton, Adam G"]
[Black "Van Kampen, Robin"]
[Result "0-1"]
[WhiteElo "2376"]
[BlackElo "2646"]
[Annotator "TA"]
[PlyCount "54"]
[EventDate "2018.??.??"]
[EventCountry "GBR"]
[SourceTitle "playchess.com"]
[Source "ChessBase"]
[SourceQuality "1"]

{[%evp 23,54,41,59,0,5,-23,-31,-45,-43,-87,-60,-95,-95,-100,-53,-108,-112,-111,-79,-86,-87,-100,-100,-90,-102,-112,-31,-297,-315,-510,-478,-501,-478]} 1. e4 c5 2. Nf3 d6 3. Bb5+ Nc6 4. O-O Bd7 5. Re1 Nf6 6. c3 a6 7. Ba4 b5 8. Bc2 Bg4 9. h3 Bxf3 10. Qxf3 g6 {B51: Sicilian: Moscow Variation (3 Bb5+) without 3...Bd7} 11. a4 Bg7 12. axb5 axb5 {[%cal Ba6b5,Bb5b4][%mdl 32] LiveBook: 3 Games. White is slightly better.} 13. Rxa8 (13. e5 $14 Rxa1 14. exf6 Bxf6 15. Qxc6+ Qd7 16. Be4) 13... Qxa8 $11 {[#]} 14. Qd1 $146 ({Predecessor:} 14. e5 dxe5 15. Rxe5 Nd7 16. Re1 O-O {0-1 (39) Sutovsky,E (2700)-Radjabov,T (2744) Ningbo 2011}) 14... Nd7 15. d3 O-O 16. Be3 Qa1 17. Qc1 b4 18. Bb3 Na5 19. Bd1 (19. Nd2 $15 Nxb3 20. Qxa1 Nxa1 21. Rxa1) 19... Rb8 $36 {[%mdl 2048] Black is on the roll.} 20. Be2 bxc3 21. bxc3 Nb6 22. c4 Na4 23. Nd2 Qa2 24. Bf1 Nc3 (24... Nc6 $17 {Threatens to win with ...Nd4.} 25. Nf3 Nc3) 25. Kh2 $2 {[%mdl 8192] [#]} (25. e5 $1 $15 Bxe5 26. Bxc5 $1 {[%mdl 512]}) 25... Rb2 $1 $19 26. Qa1 $2 (26. e5 {is the only way for White.} Bxe5+ 27. f4) 26... Rxd2 27. Bxd2 Qxd2 {Precision: White = 25%, Black = 80%.} 0-1

[Event "4NCL 2017-18"]
[Site "Northampton"]
[Date "2018.02.11"]
[Round "6"]
[White "Gourlay, Iain"]
[Black "Purton, Ben J"]
[Result "1/2-1/2"]
[WhiteElo "2371"]
[BlackElo "2106"]
[Annotator "NA"]
[PlyCount "65"]
[EventDate "2018.??.??"]
[EventCountry "GBR"]
[SourceTitle "playchess.com"]
[Source "ChessBase"]
[SourceQuality "1"]

1. c4 e5 2. g3 Nc6 3. Bg2 g6 4. Nc3 Bg7 5. e4 d6 6. d3 Nge7 7. Nge2 {LiveBook: 389 Partien} O-O 8. O-O Be6 9. Nd5 Qd7 10. Be3 Nd4 11. Nxd4 exd4 12. Bh6 Bxd5 {A26: English Opening vs King's Indian with ...Nc6 and d3} 13. Bxg7 Kxg7 14. cxd5 c5 15. dxc6 $146 ({Predecessor:} 15. f4 f6 16. h4 a5 17. Kh2 Qc7 18. Bh3 Ng8 19. Be6 Nh6 20. f5 {0-1 (47) Brice,R (2075)-Cazelais,M (2201) Ottawa 2005}) 15... Qxc6 16. Qd2 Qb6 17. Qf4 f6 18. Rac1 Rad8 19. Rc2 Nc6 20. Qd2 Ne5 21. Rd1 Rc8 22. h3 Rxc2 23. Qxc2 Rf7 24. Rc1 Qb5 25. f4 Nc6 26. a3 a5 27. b3 Nb8 28. Qc4 Qb6 29. b4 Na6 30. bxa5 Qb2 $16 (30... Qxa5 $14 31. Qxd4 Qxa3) 31. Rc2 Qb1+ 32. Rc1 Qb2 33. Rc2 1/2-1/2

[Event "4NCL 2017-18"]
[Site "Northampton"]
[Date "2018.02.11"]
[Round "6"]
[White "Rogers, Jonathan W"]
[Black "Martins, David Pires Tavares"]
[Result "0-1"]
[WhiteElo "2331"]
[BlackElo "2393"]
[Annotator "NA"]
[PlyCount "22"]
[EventDate "2018.??.??"]
[EventCountry "GBR"]
[SourceTitle "playchess.com"]
[Source "ChessBase"]
[SourceQuality "1"]

1. e4 e6 2. d4 d5 3. exd5 exd5 4. Nf3 Nf6 5. c4 Bb4+ 6. Nc3 O-O 7. Be2 dxc4 8. Bxc4 Re8+ 9. Be3 Be6 10. Bxe6 Rxe6 11. O-O Nd5 0-1

[Event "4NCL 2017-18"]
[Site "Northampton"]
[Date "2018.02.11"]
[Round "6"]
[White "Eckersley-Waites, Tom"]
[Black "Crocker, Philip J"]
[Result "1/2-1/2"]
[WhiteElo "2323"]
[BlackElo "2090"]
[Annotator "TA"]
[PlyCount "140"]
[EventDate "2018.??.??"]
[EventCountry "GBR"]
[SourceTitle "playchess.com"]
[Source "ChessBase"]
[SourceQuality "1"]

{[%evp 14,140,0,9,7,14,13,0,13,5,29,20,59,-6,0,-10,-4,-18,-4,-43,-6,-32,-15,-53,-45,-81,-82,-82,-69,-76,-89,-109,-62,-53,-52,-194,-142,-317,-173,-165,-154,-501,-499,-561,-538,-745,-191,-211,-181,-221,-238,-273,-265,-352,-352,-503,-508,-458,-320,-314,-148,-129,-91,-95,-76,-135,-144,-160,-134,-156,-119,-111,-102,-102,-75,-109,-109,-113,-102,-114,-102,-114,-102,-124,-108,-119,-102,-107,-102,-119,-29,-78,-69,-72,-8,-37,-37,-37,-37,-8,-8,-8,-8,-56,-77,-117,-8,-8,-8,-8,-8,-8,-8,-8,-8,-8,-8,-8,-8,-8,0,-8,-8,-8,-8,-8,-8,-8,-10]} 1. e4 Nf6 2. Nc3 d5 3. exd5 Nxd5 4. Bc4 Nb6 5. Bb3 Nc6 6. Qf3 e6 {B02: Alekhine's Defence: Chase Variation and lines with early Nc3} 7. Qg3 Nd4 8. Nf3 {[#] LiveBook: 3 Games. Black must now prevent Nxd4.} Nf5 9. Qg4 $146 ({Predecessor:} 9. Qe5 Bd6 10. Qe2 O-O 11. Ne4 Nd5 12. Nxd6 Qxd6 13. d4 a5 14. c3 {½-½ (65) Kotan,L (2365)-Grosar,A (2470) Leipzig 2002}) 9... Nd5 10. d3 Nf6 11. Qh3 Be7 12. g4 Nd4 13. Nxd4 (13. g5 $1 $14 Nxf3+ 14. Qxf3) 13... Qxd4 $11 14. g5 Nd5 15. Ne2 Qb6 $36 {[%mdl 2048] White is under pressure.} 16. d4 O-O 17. c3 c5 18. Bc2 {[%csl Gc2][%cal Rh3h7]} g6 19. Qg2 cxd4 20. Nxd4 e5 21. Ne2 Be6 22. h4 Nf4 23. Nxf4 exf4 24. h5 ({White should play} 24. O-O $1 $15) 24... Bc4 (24... Rad8 $19 25. hxg6 fxg6) 25. Qe4 $2 (25. b3 $17 Bb4 26. bxc4 (26. cxb4 $2 Rae8+ 27. Be4 Qd4 $19) 26... Bxc3+ 27. Kf1) 25... Rac8 (25... Bc5 $142 26. Qxc4 Qc6) 26. hxg6 $19 (26. Qxf4 $2 Rfe8 $19) 26... fxg6 (26... hxg6 27. Bxf4 Qxb2 {[#]} 28. Be5 $3 $15 {[%mdl 512]}) 27. Bd3 $2 ({Don't blunder} 27. Qxe7 $2 Rce8 $19) (27. Bb3 $17 {nothing else works.} Qc6 28. Qxc6 (28. Bxc4+ Qxc4 29. Qxc4+ Rxc4 $17) 28... Rxc6 29. Bd2) 27... Bxd3 28. Qxd3 Qe6+ 29. Qe2 Qxe2+ $2 (29... Qd5 30. Rh3 Bxg5) 30. Kxe2 Bxg5 31. Kf3 Rcd8 32. c4 Rd3+ 33. Kg2 Rf5 34. a4 (34. Kf1 $142) 34... Be7 35. Re1 f3+ 36. Kh3 Kf7 ({Weaker is} 36... Rh5+ 37. Kg4 $17) (36... Bc5 $19 37. Be3 Bxe3 38. Rxe3 Rxe3 39. fxe3 h5) 37. Be3 $17 Bc5 38. Bxc5 Rxc5 {[%mdl 4096] Endgame KRR-KRR} 39. Re4 (39. Rad1 $142 Rb3 40. Rd7+ Kf6 41. Ree7) 39... Rb3 40. Rf4+ Kg7 41. Rd1 {intending Rd7+.} Rc7 42. Rd2 Rb4 43. a5 Ra4 ({Inferior is} 43... Rbxc4 44. Rxc4 Rxc4 45. Rd7+ Kf6 46. Rxb7 $14) (43... Rcxc4 44. Rd7+ Kh6 45. Rxc4 $11) 44. b3 Rxa5 45. Rxf3 Ra6 46. Kg3 Rf6 47. Rfd3 Rcf7 48. Ra2 a6 49. Rc2 g5 50. c5 h5 51. Kg2 g4 ({Black should try} 51... h4 $17 52. f3 Kg6) 52. Rd4 Kg6 53. b4 Rf4 (53... Kg5 $17 54. Rd5+ Kh4) 54. Rxf4 Rxf4 $11 {KR-KR} 55. c6 bxc6 56. Rxc6+ Rf6 57. Rc4 Kg5 58. Rc5+ Rf5 59. Rc6 Rb5 ({Better is} 59... a5 $17 60. bxa5 Rxa5) 60. Rxa6 {The position is equal.} Rxb4 61. Ra5+ Kh4 {...Rf4 is the strong threat.} 62. Rc5 Rb3 {Threatens to win with ...Ra3.} 63. Ra5 $1 Rf3 {Hoping for ...Rf6.} 64. Rb5 Rf7 {And now ...Rf6 would win.} 65. Ra5 Rg7 66. Rb5 Rg5 (66... Rg6 $5) 67. Rb8 Rf5 {Strongly threatening ...Rf3.} 68. Rg8 Ra5 {aiming for ...Rf5.} 69. Rg7 Rg5 70. Ra7 Rf5 {Precision: White = 42%, Black = 39%.} 1/2-1/2

[Event "4NCL 2017-18"]
[Site "Northampton"]
[Date "2018.02.11"]
[Round "6"]
[White "Carleton, John J"]
[Black "Pigott, John C"]
[Result "0-1"]
[WhiteElo "2290"]
[BlackElo "2419"]
[Annotator "TA"]
[PlyCount "46"]
[EventDate "2018.??.??"]
[EventCountry "GBR"]
[SourceTitle "playchess.com"]
[Source "ChessBase"]
[SourceQuality "1"]

{[%evp 19,46,0,13,-27,0,-20,36,-75,-97,-77,-89,-93,-64,-118,-131,-190,-190,-190,-186,-198,-185,-377,-365,-366,-343,-446,-435,-730,-689]} 1. d4 Nf6 2. c4 g6 3. Nc3 Bg7 4. e4 d6 5. f4 c5 6. d5 O-O 7. Nf3 e6 8. Be2 exd5 9. exd5 Bf5 10. O-O Na6 {LiveBook: 9 Games. E77: King's Indian: Four Pawns Attack: 6 Be2 incl 6...c5 7 d5 e6 8 Nf3, but not Benoni} (10... Ne4 11. Nxe4 Bxe4 12. Ng5 Re8 13. Bd3 Bxd3 14. Qxd3 h6 15. Ne4 f5 16. Nc3 Nd7 17. Bd2 a6 18. Rae1 Qf6 19. Ne2 Qf7 {0-1 (27) Inkiov,V (2448)-Giannoulakis,L (2335) Thessaloniki 2017}) 11. h3 Re8 12. g4 Ne4 (12... Bd7 $11) 13. Nxe4 $146 (13. gxf5 $14 {keeps the upper hand.} Bxc3 14. fxg6 hxg6 15. Bd3 (15. bxc3 $2 Nxc3 16. Qb3 Nxe2+ 17. Kg2 Qf6 $19) 15... Bd4+ 16. Kg2) ({Predecessor:} 13. gxf5 Bxc3 14. fxg6 hxg6 15. Bd3 Bg7 16. Re1 Ng3 17. Kh2 Rxe1 18. Qxe1 Nh5 19. Bd2 Nb4 20. Bxb4 cxb4 21. Qxb4 Nxf4 22. Bf1 Qb6 23. Qd2 Re8 24. Rc1 Re2+ {0-1 (24) Pham,P-Trommsdorf,F Paris 1990}) 13... Bxe4 $17 14. a3 Qe7 15. Bd3 Nc7 {...b5! is the strong threat.} 16. a4 (16. Ra2 $1 $15) 16... Na6 {[%cal Bc7a6,Ba6b4,Bb4d5,Bd5f4][%mdl 32]} 17. Ra3 (17. Rf2 $17 {was worth a try.}) 17... Nb4 $36 {[%mdl 2048] Black is in control.} 18. Bxe4 Qxe4 19. Re3 Qxc4 {Strongly threatening ...Rxe3.} 20. Rfe1 $2 {[#]} (20. b3 {keeps fighting.} Qc2 21. Qxc2 Nxc2 22. Rxe8+ Rxe8 23. Kf2) 20... Rxe3 21. Rxe3 Nxd5 22. Rd3 Nxf4 23. Rxd6 {[#]} (23. Bxf4 $142 Qxf4 24. Qd2 Qxa4 25. Kg2) 23... Qxc1 $1 {[%mdl 512] Precision: White = 12%, Black = 47%.} 0-1

[Event "4NCL 2017-18"]
[Site "Northampton"]
[Date "2018.02.11"]
[Round "6"]
[White "Congiu, Mathilde"]
[Black "Pert, Nicholas"]
[Result "0-1"]
[WhiteElo "2214"]
[BlackElo "2550"]
[Annotator "TA"]
[PlyCount "152"]
[EventDate "2018.??.??"]
[EventCountry "GBR"]
[SourceTitle "playchess.com"]
[Source "ChessBase"]
[SourceQuality "1"]

{[%evp 15,152,12,15,-4,0,0,0,0,0,0,0,-14,-9,-21,-30,-33,0,0,25,25,34,29,28,-42,-41,-18,-14,-49,-49,-52,-54,-49,-53,-46,-52,-44,-44,-42,-25,-20,-25,-24,-20,-28,-28,-27,-33,-27,-29,-29,-27,-32,-25,-25,-25,-40,-36,-40,-40,-39,-40,-40,-40,-40,-31,-37,-11,-10,-11,-10,-10,-19,-8,-10,-9,-11,-10,-16,-11,-16,-10,-20,-10,-60,-21,-60,-66,-145,-145,-145,-145,-145,-145,-145,-145,-145,-145,-145,-145,-1523,0,-1522,-1468,-1602,-1602,-1602,-1285,-1216,-1160,-1025,-988,-881,-407,-385,-378,-378,-251,-9627,-4185,-10543,-10521,-10560,-10444,-2769,-2769,-29964,-29965,-29971,-29973,-29973,-29975,-29975,-29976,-29976,-29977,-29986,-29987,-29987,-29988]} 1. e4 c5 2. Nc3 Nc6 3. g3 g6 4. Bg2 Bg7 5. d3 Nf6 6. Be3 d6 7. h3 O-O 8. Nge2 Rb8 9. d4 {B26: Closed Sicilian: 3 g3, lines with early Be3} (9. Qd2 b5 10. O-O b4 11. Nd1 Nd7 12. Bh6 Bxh6 13. Qxh6 Nd4 14. Qd2 a5 15. Ne3 Nb6 16. f4 f5 17. exf5 Nxe2+ 18. Qxe2 gxf5 19. a3 {1-0 (52) Rublevsky,S (2678)-Areshchenko,A (2687) Olginka 2011}) 9... cxd4 10. Nxd4 Bd7 11. O-O {The position is equal.} Na5 $146 ({Predecessor:} 11... Ne5 12. Kh2 b5 13. b3 b4 14. Nce2 Qc7 15. a3 a5 16. axb4 axb4 {½-½ (65) Vuksanovic,Z (2178)-Lazic,M (2003) Vrnjacka Banja 2013}) 12. a4 a6 {[%cal Ba7a6,Ba6b5,Bb5b4][%mdl 32]} 13. Qd3 Qc8 14. Kh2 Nc4 15. Bc1 Ne5 16. Qd1 b5 17. axb5 axb5 18. Nd5 Re8 19. Bg5 (19. Nb4 $11) 19... Nxd5 $15 20. exd5 Qc5 21. c3 b4 22. Be3 {[#] Hoping for Nc6.} Nc4 23. Ne6 Nxe3 24. Nxc5 Nxd1 25. Nxd7 Rb7 26. Rfxd1 Rxd7 (26... bxc3 {with more complications.} 27. bxc3 Rxd7 28. Rac1 Ra7 29. Rc2 Rea8) 27. cxb4 Rb7 28. Ra4 Reb8 29. b3 Rxb4 30. Rxb4 Rxb4 $11 {[%mdl 4096] Endgame KRB-KRB} 31. Rd3 Bd4 32. Kg1 Kg7 33. Bf1 e5 34. dxe6 $1 fxe6 35. Bg2 d5 36. Kf1 g5 37. Ke2 Kf6 38. Bf3 Ke7 39. Bg2 Kd6 40. f4 h6 41. Bf3 Kc5 42. Bg4 Rb6 43. Bf3 gxf4 44. gxf4 Bf6 45. f5 d4 46. fxe6 Rxe6+ 47. Kd1 Ra6 48. Bg4 Bg5 49. Ke2 (49. b4+ $5 Kc4 50. Be2 Ra1+ 51. Kc2 $15) 49... Be3 50. Kf3 Kd5 51. Rxe3 $15 {KRB-KR} (51. h4 $15) 51... Rf6+ $17 (51... dxe3 $2 52. Kxe3 Rb6 53. Bd1) 52. Ke2 dxe3 53. Kxe3 {KR-KB} Rb6 54. Bd1 Ke5 55. Kf3 Rb4 56. Kg3 Re4 57. Kf3 $2 {[%mdl 8192]} (57. Bc2 $17 Re2 58. Bd1) 57... Rb4 $2 (57... h5 $19 {Strongly threatening ...Re1.} 58. Be2 h4) 58. Ke3 $2 {[%mdl 8192] [#]} (58. Kg3 $11 Kf5 59. Kf3) 58... Rh4 $1 $19 {[%cal Rh4h3]} 59. Bg4 h5 60. Bd7 Rb4 61. Ba4 Kf6 62. Kf2 Kg5 63. Kg3 Re4 64. Kf3 Rf4+ 65. Kg3 Rb4 66. Kf2 $2 (66. Bc6) 66... Kh4 67. Bd7 Rxb3 68. Be6 Rc3 69. Bd7 Kg5 70. Be6 Kf4 {Black mates.} 71. Bd7 Rc2+ 72. Ke1 Rc7 73. Bb5 Kg3 74. Be2 Rc5 75. Bf1 Rc1+ 76. Ke2 h4 {Precision: White = 50%, Black = 74%.} 0-1

[Event "4NCL 2017-18"]
[Site "Northampton"]
[Date "2018.02.11"]
[Round "6"]
[White "Mitchell, Martin"]
[Black "Richardson, John R"]
[Result "1-0"]
[WhiteElo "2214"]
[BlackElo "2237"]
[Annotator "NA"]
[PlyCount "67"]
[EventDate "2018.??.??"]
[EventCountry "GBR"]
[SourceTitle "playchess.com"]
[Source "ChessBase"]
[SourceQuality "1"]

1. d4 Nf6 2. c4 e6 3. Nc3 Bb4 4. Nf3 b6 5. Bg5 Bb7 6. e3 h6 7. Bh4 g5 8. Bg3 Ne4 9. Qc2 h5 10. Bd3 {E13: Damenindisch (5.Lg5)} Nxg3 (10... Bxc3+ 11. bxc3 f5 12. h4 Nxg3 13. fxg3 g4 14. Ng5 Nc6 15. O-O Qe7 16. e4 fxe4 17. Bxe4 O-O-O {1-0 (38) Moiseenko,A (2657)-Svane,R (2555) Doha 2016}) 11. fxg3 $146 ({Vorgänger:} 11. hxg3 g4 12. Ne5 Qf6 13. Be4 c6 14. Qa4 Be7 15. f4 gxf3 16. Bxf3 Qg5 17. O-O-O f6 18. Nd3 {1-0 (18) Hasyn,T (1782)-Matisz,G (1600) FICGS email 2011}) 11... g4 12. Ne5 Bxc3+ 13. bxc3 Nc6 14. Nxc6 Bxc6 15. O-O Qg5 16. e4 O-O-O 17. Qc1 Qg7 18. Qf4 Rdf8 19. c5 bxc5 20. Rab1 cxd4 $2 {[#]} (20... c4 $16 {war nötig.}) 21. e5 $18 d6 22. exd6 Kd7 23. dxc7 Rc8 24. Bb5 Bxb5 25. Rxb5 Rxc7 26. cxd4 Rd8 27. d5 e5 28. Qf5+ Ke7 29. Qxh5 Rd6 30. Re1 f6 31. Qf5 Qh6 32. Qxg4 Rdd7 33. Qe6+ Kd8 34. d6 1-0

[Event "4NCL 2017-18"]
[Site "Northampton"]
[Date "2018.02.11"]
[Round "6"]
[White "Ivell, Nicholas W"]
[Black "Wheeler, Darren P"]
[Result "1/2-1/2"]
[WhiteElo "2209"]
[BlackElo "2230"]
[Annotator "NA"]
[PlyCount "48"]
[EventDate "2018.??.??"]
[EventCountry "GBR"]
[SourceTitle "playchess.com"]
[Source "ChessBase"]
[SourceQuality "1"]

1. c4 e6 2. Nc3 Nf6 3. d4 Bb4 4. a3 Bxc3+ 5. bxc3 c5 6. e3 d6 7. Bd3 Nc6 8. Ne2 e5 9. d5 {E26: Nimzo-Indian: Sämisch: 5...c5 6 e3} (9. O-O O-O 10. Ng3 Nd7 11. f4 Nb6 12. fxe5 dxe5 13. d5 Na5 14. Qh5 g6 15. Qxe5 Naxc4 16. Bxc4 Nxc4 17. Qe4 b5 18. Qd3 {½-½ (101) Flores,D (2579)-Jobava,B (2702) Doha 2016}) 9... Ne7 10. O-O $146 ({Predecessor:} 10. Ng3 O-O 11. O-O Ne8 12. f4 exf4 13. exf4 f5 14. Qc2 g6 15. Bd2 Ng7 16. Rfe1 Kh8 17. Re2 Ng8 18. Nf1 Nh5 19. h3 {0-1 (49) Lasinskas,P (2212)-Gonzalez Rodriguez,J (2385) Torredembarra 2014}) 10... Nh5 11. Ng3 Nxg3 12. fxg3 O-O 13. Ra2 Ng6 14. Raf2 Qe7 15. Qc2 Re8 16. e4 Rf8 17. Be3 f6 18. Qb1 b6 19. h3 Kf7 20. Qd1 Ke8 21. Kh2 $11 (21. Qh5 $16) 21... Kd8 22. Be2 Kc7 23. Qb3 Bd7 24. Qc2 Rab8 1/2-1/2

[Event "4NCL 2017-18"]
[Site "Northampton"]
[Date "2018.02.11"]
[Round "6"]
[White "Bremner, Adam"]
[Black "Palliser, Richard J D"]
[Result "1/2-1/2"]
[WhiteElo "2207"]
[BlackElo "2419"]
[Annotator "TA"]
[PlyCount "51"]
[EventDate "2018.??.??"]
[EventCountry "GBR"]
[SourceTitle "playchess.com"]
[Source "ChessBase"]
[SourceQuality "1"]

{[%evp 14,51,13,14,14,17,8,8,22,11,20,8,19,20,12,-11,22,31,53,0,0,0,0,0,0,0,72,71,164,166,154,158,177,0,0,0,172,0,0,0]} 1. d4 Nf6 2. Nf3 e6 3. c3 c5 4. Bg5 cxd4 5. cxd4 Bb4+ (5... Qa5+ 6. Bd2 Qb6 7. Nc3 Nc6 8. e3 Be7 9. a3 O-O 10. Bd3 d6 11. O-O Bd7 12. Na4 Qd8 13. Nc3 Qb6 14. Na4 Qd8 15. Nc3 Qb6 {½-½ (15) Rahman,Z (2523)-Ivanchuk,V (2744) Tromsoe 2014}) 6. Nbd2 {A46: 1 d4 Nf6 2 Nf3 e6: Torre, London and Colle Systems} h6 7. Bxf6 Qxf6 8. a3 {LiveBook: 4 Games} Bxd2+ $146 ({Predecessor:} 8... Be7 9. e4 Nc6 10. Bd3 d6 11. e5 dxe5 12. Ne4 Qf4 13. g3 {1-0 (41) Straka,V (2323)-Cifka,S (2411) Czechia 2013}) 9. Qxd2 O-O 10. e3 d6 11. Be2 e5 12. dxe5 dxe5 13. Qc3 Nc6 14. Bb5 Qg6 15. Bxc6 bxc6 16. Qxe5 ({Better is} 16. Nxe5 $14 Qxg2 17. Qxc6 Qxc6 18. Nxc6) 16... Ba6 $11 17. O-O-O Rfe8 18. Qc3 Rab8 19. Rd7 Qe6 (19... Re4 $11 {keeps the balance.} 20. Rd4 Rxd4 21. Qxd4 c5) 20. Rhd1 $16 Qa2 (20... Be2 $16) 21. Nd4 $1 $18 (21. Rxa7 Rb3 $15) 21... Re4 {[#] ...c5! is the strong threat.} 22. Qc2 $1 (22. Nxc6 {[#]} Rxb2 $1 {[%mdl 512]} 23. Ne7+ Kh7 24. Qxg7+ Kxg7 25. Nf5+ Kh8 26. Rd8+ Kh7 27. Rh8+ Kxh8 28. Rd8+ Kh7 29. Rh8+ Kxh8 30. Nxh6 Rb1#) 22... g6 23. Qb1 (23. Rxa7 c5 $11) ({Inferior is} 23. Nxc6 Rc4 $11) 23... Qc4+ 24. Qc2 Qa2 $1 {White should prevent ...c5!} 25. Qb1 $2 ({Of course not} 25. Rxa7 $6 c5 $11) ({And not} 25. Nxc6 Rc4 $11) (25. Rc7 $18) 25... Qc4+ $11 26. Qc2 {Precision: White = 64%, Black = 52%.} 1/2-1/2

[Event "4NCL 2017-18"]
[Site "Northampton"]
[Date "2018.02.11"]
[Round "6"]
[White "Horton, Jamie A"]
[Black "Stefanova, Antoaneta"]
[Result "1/2-1/2"]
[WhiteElo "2184"]
[BlackElo "2489"]
[Annotator "TA"]
[PlyCount "89"]
[EventDate "2018.??.??"]
[EventCountry "GBR"]
[SourceTitle "playchess.com"]
[Source "ChessBase"]
[SourceQuality "1"]

{[%evp 14,89,25,11,18,17,27,28,25,22,20,33,32,-14,0,-9,-4,-8,0,-12,-6,-12,0,-13,-15,-14,8,-8,-8,-8,-8,-12,-21,-31,15,-36,-19,-106,-106,-105,-104,-128,-128,-133,-133,-133,-133,-133,-133,-133,-133,-133,-133,-133,-133,-131,-54,-32,-35,-46,0,0,16,10,8,0,8,8,50,57,67,22,58,0,0,0,8,8]} 1. d4 d5 2. c4 c6 3. Nf3 Nf6 4. Qc2 g6 5. Bf4 Bg7 6. e3 O-O 7. Nc3 Na6 8. Be2 Bf5 {D93: Grünfeld: 4 Nf3 Bg7 5 Bf4 0-0 6 e3} 9. Qb3 Qb6 10. O-O dxc4 {White has an edge.} 11. Bxc4 Qxb3 12. Bxb3 Nb4 13. Ne1 $146 ({Predecessor:} 13. h3 Nbd5 14. Nxd5 Nxd5 15. Bh2 a5 16. Rfc1 Rfc8 17. a3 {½-½ (44) Vayser,V (2569)-Rhodes,J (2452) ICCF email 2010}) 13... Rfc8 (13... c5 {is interesting.} 14. Be5 cxd4 15. Bxd4 Nc6 16. Nf3 Rfd8) 14. a3 Nbd5 15. Nxd5 Nxd5 16. Bg3 a5 17. Nf3 a4 18. Ba2 Ra5 19. Rfd1 h6 20. Rac1 Rb5 21. Rd2 Nf6 22. Be5 Ne4 $36 {[%mdl 2048] Black is pushing.} 23. Re2 $1 c5 (23... Nd6 {feels hotter.} 24. h3 g5 25. Bh2 c5 26. Rc3 Kf8) 24. Bxg7 ({White should try} 24. Nh4 $11) 24... Kxg7 $15 25. dxc5 (25. Ne5 $11) 25... Rbxc5 $17 26. Rxc5 Rxc5 27. h3 Rc1+ $1 28. Kh2 {[#]} Bd7 $1 29. Bd5 {[#]} Bb5 $1 {[%cal Rb5e2]} 30. Re1 Rxe1 31. Nxe1 Nxf2 {[%mdl 4096] Endgame KBN-KBN} 32. Bf3 Bc6 33. Kg3 Ne4+ 34. Kf4 Nd6 (34... g5+ $17 35. Ke5 f6+ 36. Ke6 Kf8) 35. Bxc6 $15 bxc6 {KN-KN} 36. Nd3 Kf6 {White must now prevent ...e5+!} 37. Nc5 g5+ 38. Kf3 Ke5 39. Nxa4 Kd5 40. b3 h5 41. Nc3+ Ke5 42. g4 hxg4+ 43. hxg4 (43. Kxg4 $14 f6 44. a4) 43... f6 $11 44. a4 Ne8 45. Ke2 {Precision: White = 54%, Black = 49%.} 1/2-1/2